Inovácie v oblasti balenia potravín bakalárska práca

Gespeichert in:
Bibliographische Detailangaben
1. Verfasser: Pálinkásová, Mónika
Körperschaft: Obchodná fakulta EU. Katedra tovaroznalectva a kvality tovaru
Weitere Verfasser: Jarossová, Malgorzata Agnieszka, 1978-
Format: Buch
Sprache:Slowakisch
Veröffentlicht: Bratislava 2014
Tags: Tag hinzufügen
Keine Tags, Fügen Sie das erste Tag hinzu!

MARC

LEADER 00000nbm a2200000 4500
001 0188297
005 20170201101324.5
041 0 |a slo 
044 |a SK 
245 1 0 |a Inovácie v oblasti balenia potravín  |b bakalárska práca  |c Mónika Pálinkásová ; školiteľ: Malgorzata A. Jarossová 
264 1 |a Bratislava  |c 2014 
300 |a 52 s. 
100 1 |a Pálinkásová, Mónika 
700 1 |a Jarossová, Malgorzata Agnieszka, 1978- 
710 2 |a Obchodná fakulta EU. Katedra tovaroznalectva a kvality tovaru